読みが2文字の市町村 - Statistics

General Stats
  • This quiz has been taken 1,434 times
  • The average score is 71 of 162
Answer Stats
都道府県 市町村 % Correct
佐賀県 佐賀市
80%
三重県 伊勢市
78%
愛知県 あま市
75%
高知県 安芸市
74%
三重県 伊賀市
70%
長崎県 壱岐市
70%
静岡県 伊豆市
69%
千葉県 千葉市
69%
福岡県 赤村
68%
熊本県 阿蘇市
68%
奈良県 奈良市
68%
京都府 宇治市
66%
石川県 加賀市
66%
三重県 志摩市
65%
長野県 伊那市
63%
岐阜県 岐阜市
63%
石川県 珠洲市
63%
徳島県 阿波市
62%
山口県 宇部市
62%
山口県 萩市
61%
新潟県 阿賀町
60%
大分県 宇佐市
59%
秋田県 男鹿市
59%
千葉県 野田市
59%
広島県 呉市
58%
栃木県 佐野市
58%
新潟県 佐渡市
57%
東京都 多摩市
57%
三重県 鳥羽市
57%
鹿児島県 伊佐市
56%
高知県 いの町
56%
熊本県 宇城市
56%
奈良県 宇陀市
56%
熊本県 宇土市
56%
埼玉県 加須市
55%
東京都 北区
55%
岐阜県 関市
55%
高知県 土佐市
55%
東京都 日野市
55%
兵庫県 小野市
54%
埼玉県 久喜市
54%
石川県 能登町
54%
岐阜県 美濃市
54%
茨城県 阿見町
53%
愛媛県 伊予市
53%
長野県 佐久市
53%
沖縄県 那覇市
53%
岐阜県 飛騨市
53%
茨城県 水戸市
53%
茨城県 古河市
52%
沖縄県 名護市
52%
山梨県 甲斐市
51%
青森県 むつ市
51%
埼玉県 戸田市
50%
静岡県 富士市
50%
京都府 伊根町
49%
岐阜県 恵那市
49%
岐阜県 可児市
49%
岩手県 久慈市
49%
大分県 日田市
49%
埼玉県 伊奈町
48%
佐賀県 鳥栖市
48%
長野県 阿智村
47%
山口県 阿武町
47%
佐賀県 多久市
47%
長野県 茅野市
47%
富山県 氷見市
47%
島根県 海士町
46%
岐阜県 土岐市
46%
山口県 美祢市
46%
福岡県 古賀市
45%
広島県 坂町
45%
埼玉県 志木市
45%
北海道 | 静岡県 森町
45%
佐賀県 小城市
44%
高知県 香美市
44%
新潟県 加茂市
44%
神奈川県 座間市
44%
神奈川県 逗子市
44%
茨城県 那珂市
44%
福岡県 嘉麻市
43%
栃木県 那須町
43%
愛知県 瀬戸市
42%
三重県 多気町
42%
大阪府 八尾市
42%
福岡県 八女市
42%
岡山県 和気町
42%
石川県 志賀町
41%
滋賀県 多賀町
41%
兵庫県 三木市
41%
滋賀県 野洲市
41%
沖縄県 伊江村
40%
兵庫県 香美町
40%
岐阜県 下呂市
39%
長野県 諏訪市
39%
宮城県 加美町
38%
長野県 木曽町
38%
熊本県 球磨村
38%
滋賀県 | 鳥取県 日野町
37%
宮崎県 綾町
36%
京都府 井手町
36%
秋田県 羽後町
36%
長崎県 佐々町
36%
愛知県 知多市
36%
鳥取県 智頭町
36%
石川県 能美市
36%
大分県 由布市
36%
山口県 和木町
36%
鹿児島県 曽於市
35%
高知県 土佐町
35%
徳島県 美馬市
35%
福島県 小野町
34%
山梨県 都留市
34%
沖縄県 金武町
33%
宮城県 登米市
33%
大阪府 能勢町
33%
大分県 日出町
33%
福岡県 宇美町
32%
長野県 木祖村
32%
福岡県 志免町
32%
大分県 玖珠町
31%
茨城県 五霞町
31%
奈良県 御所市
31%
青森県 佐井村
31%
奈良県 曽爾村
31%
兵庫県 多可町
31%
千葉県 多古町
31%
高知県 田野町
31%
徳島県 那賀町
31%
栃木県 野木町
31%
茨城県 利根町
30%
岡山県 奈義町
30%
栃木県 芳賀町
30%
栃木県 壬生町
30%
長野県 麻績村
29%
宮崎県 都農町
29%
岩手県 野田村
29%
鳥取県 八頭町
29%
兵庫県 養父市
29%
島根県 知夫村
28%
徳島県 牟岐町
28%
岩手県 紫波町
27%
長野県 原村
26%
茨城県 美浦村
26%
福岡県 須恵町
25%
北海道 | 福島県 伊達市
25%
愛媛県 砥部町
25%
山形県 遊佐町
25%
広島県 世羅町
24%
佐賀県 太良町
24%
香川県 三木町
24%
宮城県 利府町
24%
高知県 津野町
22%
鹿児島県 知名町
21%
北海道 仁木町
21%
北海道 由仁町
21%
高知県 越知町
20%
和歌山県 由良町
20%
長野県 根羽村
18%
No matching quizzes found
Score Distribution
Percent of People with Each Score
Percentile by Number Answered
Your Score History
You have not taken this quiz